| 000 | 00840nmc a2200265 a 4500 | ||
|---|---|---|---|
| 003 | AR-BaBNM | ||
| 005 | 20251128205806.0 | ||
| 008 | 138119s1997 ||||||||||||||000 | spa|| | ||
| 020 | _a968-7798-12-2 | ||
| 040 | _cAR-BaBNM | ||
| 100 | 1 | _aOcegueda Hernández, Juan Manuel | |
| 245 | 1 | 0 | _aIntegración económica regional y educación superior en México |
| 260 |
_aMéxico, D.F. _bAsociación Nacional de Universidades e Instituciones de Educación Superior _c1997 |
||
| 300 | 0 |
_a141 p. _btablas |
|
| 490 | 0 |
_aTemas de hoy. En la educación superior _vv. 20 |
|
| 504 | _aBibliografía: p. 133-140 | ||
| 650 | 4 | _aPOLITICA ECONOMICA | |
| 650 | 4 | _aEDUCACION Y DESARROLLO | |
| 650 | 4 | _aCOOPERACION REGIONAL | |
| 650 | 4 | _aECONOMIA REGIONAL | |
| 651 | 4 | _aMéxico | |
| 653 | 0 | _aEDUCACION SUPERIOR | |
| 942 | _cBK | ||
| 998 | _carturo | ||
| 999 |
_c12827 _d12827 |
||